000 00855nas a2200313 4500
001 BR0404024
003 BR-BrBNA
005 20231205104750.0
007 ta
008 230509b bl.|||p| |||| 00| 00por d
040 _aBR-BrBNA
_bpor
_cBiblioteca Nacional de Agricultura
041 _a(Pt)
072 _aL74; L70
100 1 _aNogueira, R.M.B.
100 1 _aSakate, M.
245 1 _aAcidente crotálico em animais domésticos
650 _aANIMAL DOMÉSTICO
650 _aACIDENTE
650 _aCOBRA PEÇONHENTA
650 _aVENENO
650 _aSINTOMA
650 _aDIAGNÓSTICO
650 _aAUTÓPSIA
650 _aSORO
650 _aINTOXICAÇÃO ANIMAL
773 0 _tRevista CFMV (Brazil)
_xISSN 1517-6959
_g(Jan-Apr 2004), v. 10(31) p. 47-56
_wBR0404024
909 _a202311
_bLúcia
_c55
_dLúcia Elande
942 _2AGRIS
_n0
_cANA
999 _c179601
_d179601